Tulasī ke gītikāvya. (Record no. 59423)

MARC details
000 -LEADER
fixed length control field 00642cam a22002291 4500
001 - CONTROL NUMBER
control field sa 64005942
003 - CONTROL NUMBER IDENTIFIER
control field DLC
005 - DATE AND TIME OF LATEST TRANSACTION
control field 20260227112036.0
008 - FIXED-LENGTH DATA ELEMENTS--GENERAL INFORMATION
fixed length control field 890505s1963 ii b 000 0 hino
010 ## - LIBRARY OF CONGRESS CONTROL NUMBER
LC control number sa 64005942
035 ## - SYSTEM CONTROL NUMBER
System control number (OCoLC)19660358
040 ## - CATALOGING SOURCE
Original cataloging agency DLC
Transcribing agency WaU
Modifying agency NRU
-- DLC
042 ## - AUTHENTICATION CODE
Authentication code premarc
050 00 - LIBRARY OF CONGRESS CALL NUMBER
Classification number PK2095.T8
Item number Z67
100 1# - MAIN ENTRY--PERSONAL NAME
Personal name Devasare, Harikr̥shna.
245 10 - TITLE STATEMENT
Title Tulasī ke gītikāvya.
Statement of responsibility, etc. Lekhaka Harikr̥shṇa Devasare.
260 ## - PUBLICATION, DISTRIBUTION, ETC.
Place of publication, distribution, etc. Vārāṇasī,
Name of publisher, distributor, etc. Nandakiśora
Date of publication, distribution, etc. [1963]
300 ## - PHYSICAL DESCRIPTION
Extent 2, 120 p.
Dimensions 19 cm.
500 ## - GENERAL NOTE
General note In Hindi.
504 ## - BIBLIOGRAPHY, ETC. NOTE
Bibliography, etc. note Bibliography: p. [117]-120.
600 00 - SUBJECT ADDED ENTRY--PERSONAL NAME
Personal name Tulasīdāsa,
Dates associated with a name 1532-1623.

No items available.

Powered by Koha